[Event "Olympiad-44"]
[Site "Chennai"]
[Date "2022.08.06"]
[Round "8.2"]
[White "Zebaze, Dongmo Loic Dylane"]
[Black "Soriano, Rudolph P"]
[Result "1-0"]
[WhiteElo "1837"]
[BlackElo "1824"]
[PlyCount "129"]
[EventDate "2022.07.29"]
[EventType "team-swiss"]
[EventRounds "11"]
[EventCountry "IND"]
[SourceTitle "CBM 210"]
[Source "ChessBase"]
[SourceDate "2022.10.31"]
[SourceVersion "1"]
[SourceVersionDate "2022.10.31"]
[SourceQuality "1"]
[WhiteTeam "Cameroon"]
[BlackTeam "Guam"]
[WhiteTeamCountry "CAM"]
[BlackTeamCountry "GMA"]

1. d4 Nf6 2. Bf4 d6 3. e3 g6 4. Nd2 c6 5. c3 Bg7 6. Ngf3 h6 7. Qb3 Qb6 8. h3 Be6 9. Qc2 Na6 10. Bd3 c5 11. 0-0 c4 12. Nxc4 Qc7 13. Ncd2 Rc8 14. Rfe1 Nd5 15. Bg3 Ndb4 16. Bb5+ Bd7 17. Bxd7+ Qxd7 18. Qb3 Nc6 19. e4 0-0 20. e5 d5 21. Re2 e6 22. Nf1 Na5 23. Qd1 Nb8 24. Ne3 Qd8 25. Bh4 g5 26. Bg3 Nd7 27. Nh2 Nc6 28. Qd3 Ne7 29. Rf1 f5 30. exf6 Nxf6 31. Neg4 Ne4 32. Be5 Ng6 33. Bxg7 Nf4 34. Qe3 Nxe2+ 35. Qxe2 Kxg7 36. f3 Nf6 37. Ne5 Nh5 38. Qc2 Qe8 39. Nhg4 Ng3 40. Re1 Nf5 41. Qe2 h5 42. Ne3 Rf6 43. Nd3 Nxe3 44. Qxe3 Qg6 45. Ne5 Qf5 46. Qe2 Rc7 47. Qb5 Rf8 48. Qb4 Qf6 49. Qa4 Qd8 50. Qxa7 g4 51. hxg4 Qh4 52. Re2 Rf4 53. Qa4 b5 54. Qxb5 Rxd4 55. Nd3 Rdc4 56. Rxe6 hxg4 57. Qe8 Qg5 58. f4 Qf5 59. Ne5 Qb1+ 60. Kh2 g3+ 61. Kxg3 Qe1+ 62. Kg4 Qe2+ 63. Kg5 Qxg2+ 64. Ng4 R4c6 65. Qg6+ 1-0

[Event "Olympiad-44"]
[Site "Chennai"]
[Date "2022.08.05"]
[Round "7.2"]
[White "Soriano, Rudolph P"]
[Black "Abera, Aydagnuhem Gezachew"]
[Result "1/2-1/2"]
[WhiteElo "1824"]
[BlackElo "2137"]
[PlyCount "115"]
[EventDate "2022.07.29"]
[EventType "team-swiss"]
[EventRounds "11"]
[EventCountry "IND"]
[SourceTitle "CBM 210"]
[Source "ChessBase"]
[SourceDate "2022.10.31"]
[SourceVersion "1"]
[SourceVersionDate "2022.10.31"]
[SourceQuality "1"]
[WhiteTeam "Guam"]
[BlackTeam "Ethiopia"]
[WhiteTeamCountry "GMA"]
[BlackTeamCountry "ETH"]

1. Nf3 d5 2. d4 c5 3. c4 dxc4 4. g3 cxd4 5. Bg2 Nc6 6. Qa4 Qa5+ 7. Qxa5 Nxa5 8. Nxd4 Bd7 9. 0-0 e5 10. Nc2 Nf6 11. Ne3 Bc5 12. Bd2 Bxe3 13. Bxe3 Bc6 14. Na3 Bxg2 15. Kxg2 Ne4 16. Rac1 b5 17. Nxb5 Rb8 18. Nc3 Nxc3 19. bxc3 a6 20. Bc5 Nb7 21. Rb1 Kd7 22. Ba7 Kc6 23. Bxb8 Rxb8 24. Rb4 Rd8 25. Rxc4+ Nc5 26. Rb1 f5 27. a4 Rd2 28. Kf1 Ra2 29. Rb8 Kd5 30. Rh4 h6 31. Rb6 e4 32. Rh5 Rxa4 33. Rxf5+ Kc4 34. Rc6 Ra1+ 35. Kg2 Ra5 36. h4 Rb5 37. Rfxc5+ Rxc5 38. Rxa6 Kxc3 39. Rg6 Rc7 40. g4 Kd2 41. e3 Ke2 42. Ra6 Rf7 43. Ra2+ Ke1 44. Kg1 Re7 45. Ra5 Ke2 46. Rf5 Re6 47. g5 Re7 48. Kg2 g6 49. Rf6 hxg5 50. hxg5 Re5 51. Rxg6 Rf5 52. Rf6 Rxg5+ 53. Kh3 Rg8 54. Rf4 Rg7 55. Kh2 Rg8 56. Kh3 Rg7 57. Rxe4 Kxf2 58. Re8 1/2-1/2

[Event "Olympiad-44"]
[Site "Chennai"]
[Date "2022.08.01"]
[Round "4.2"]
[White "Masiala Mayuku, Eddy"]
[Black "Soriano, Rudolph P"]
[Result "1-0"]
[WhiteElo "1574"]
[BlackElo "1824"]
[PlyCount "69"]
[EventDate "2022.07.29"]
[EventType "team-swiss"]
[EventRounds "11"]
[EventCountry "IND"]
[SourceTitle "CBM 210"]
[Source "ChessBase"]
[SourceDate "2022.10.31"]
[SourceVersion "1"]
[SourceVersionDate "2022.10.31"]
[SourceQuality "1"]
[WhiteTeam "Congo"]
[BlackTeam "Guam"]
[WhiteTeamCountry "CON"]
[BlackTeamCountry "GMA"]

1. d4 Nf6 2. Nf3 e6 3. g3 d5 4. Bg2 Be7 5. 0-0 0-0 6. Re1 Nbd7 7. Qd3 c5 8. c3 c4 9. Qc2 Ne4 10. Nbd2 f5 11. Nf1 g5 12. N3d2 Qe8 13. f3 Nd6 14. e4 fxe4 15. fxe4 Qg6 16. Qd1 Qf7 17. Nf3 Nxe4 18. N1d2 Nxd2 19. Qxd2 Kh8 20. Rf1 Qg6 21. Qe2 h6 22. Bd2 Bd6 23. Rae1 Nf6 24. Ne5 Qg7 25. Rf2 Bxe5 26. dxe5 Nh7 27. Rxf8+ Nxf8 28. Be3 Bd7 29. Rf1 Nh7 30. Qg4 b6 31. Bd4 Kg8 32. Bxd5 exd5 33. e6 h5 34. Qf5 Qf8 35. Qg6+ 1-0

[Event "Oceania zt"]
[Site "Tumon"]
[Date "2019.02.20"]
[Round "4"]
[White "Soriano, Rudolph P"]
[Black "Ryan, Leon R"]
[Result "1-0"]
[WhiteElo "1812"]
[BlackElo "1410"]
[PlyCount "87"]
[EventDate "2019.02.18"]
[EventType "swiss"]
[EventRounds "9"]
[EventCountry "GMA"]
[SourceTitle "CBM 189 Extra"]
[Source "ChessBase"]
[SourceDate "2019.06.03"]
[SourceVersion "1"]
[SourceVersionDate "2019.06.03"]
[SourceQuality "1"]

1. Nf3 Nc6 2. d4 d5 3. c4 e6 4. c5 Nf6 5. e3 a6 6. a3 b6 7. cxb6 cxb6 8. Bd3 Bd6 9. Qc2 Bb7 10. 0-0 Rc8 11. Qe2 Qc7 12. Nc3 Ng4 13. h3 Nh2 14. Re1 Nxf3+ 15. Qxf3 0-0 16. Qh5 g6 17. Qe2 Rce8 18. f4 f5 19. Bxa6 Na7 20. Bd3 Bc6 21. Bd2 Be7 22. Qf2 Bf6 23. h4 Qd8 24. g3 Qd7 25. Rec1 Nc8 26. Ne2 Be7 27. Kh2 Nd6 28. Qe1 Nf7 29. Ng1 Nh6 30. Nf3 Bf6 31. Kg2 Ng4 32. Bb4 Rf7 33. Rc3 Be7 34. Bxe7 Rfxe7 35. Rac1 Rc8 36. Bb5 Bxb5 37. Rxc8+ Kf7 38. Ng5+ Kg7 39. R1c7 Qd6 40. Rxe7+ Qxe7 41. Rc7 Qxc7 42. Nxe6+ Kh6 43. Nxc7 Bf1+ 44. Kxf1 1-0

[Event "Olympiad-42"]
[Site "Baku"]
[Date "2016.09.11"]
[Round "9.3"]
[White "Dacres, Don"]
[Black "Soriano, Rudolph P"]
[Result "0-1"]
[WhiteElo "1713"]
[BlackElo "1787"]
[PlyCount "112"]
[EventDate "2016.09.02"]
[EventType "team-swiss"]
[EventRounds "11"]
[EventCountry "AZE"]
[SourceTitle "CBM 175"]
[Source "ChessBase"]
[SourceDate "2016.11.10"]
[SourceVersion "1"]
[SourceVersionDate "2016.11.10"]
[SourceQuality "1"]
[WhiteTeam "Bermuda"]
[BlackTeam "Guam"]
[WhiteTeamCountry "BER"]
[BlackTeamCountry "GMA"]

1. c4 e6 2. Nc3 d5 3. cxd5 exd5 4. d4 Be7 5. Nf3 Nf6 6. e3 0-0 7. Bd3 c6 8. 0-0 Nbd7 9. b3 Re8 10. Ne5 Bb4 11. Nxd7 Bxc3 12. Nxf6+ Qxf6 13. Rb1 Bb4 14. Qc2 g6 15. Bb2 Be6 16. f3 Qg5 17. e4 Rac8 18. Bc1 Qf6 19. e5 Qh4 20. Be3 Bf8 21. f4 f5 22. Rf3 Qe7 23. Rg3 Qf7 24. Qe2 Bg7 25. Rc1 Re7 26. Bd2 Rec7 27. Bb4 Bf8 28. Bxf8 Qxf8 29. Qh5 Rg7 30. Qd1 Qb4 31. Be2 c5 32. Rgc3 Rgc7 33. Qd3 Qa5 34. Qc2 Qb4 35. Qd2 cxd4 36. a3 dxc3 37. Qe3 Qxb3 38. Bd1 Qxa3 39. h4 Qc5 40. Kf2 b5 41. h5 b4 42. Kf3 Qxe3+ 43. Kxe3 Rc4 44. Bc2 d4+ 45. Kd3 R4c5 46. Kxd4 Rd5+ 47. Ke3 Rd2 48. g4 Rxc2 49. Rxc2 b3 50. Rh2 b2 51. hxg6 c2 52. gxf5 c1Q+ 53. Kf3 Bxf5 54. gxh7+ Kh8 55. Rf2 Rc3+ 56. Kg2 Be4+ 0-1

[Event "Olympiad-42"]
[Site "Baku"]
[Date "2016.09.10"]
[Round "8.3"]
[White "Soriano, Rudolph P"]
[Black "Pang, Yui Kuen"]
[Result "0-1"]
[WhiteElo "1787"]
[BlackElo "1963"]
[PlyCount "102"]
[EventDate "2016.09.02"]
[EventType "team-swiss"]
[EventRounds "11"]
[EventCountry "AZE"]
[SourceTitle "CBM 175"]
[Source "ChessBase"]
[SourceDate "2016.11.10"]
[SourceVersion "1"]
[SourceVersionDate "2016.11.10"]
[SourceQuality "1"]
[WhiteTeam "Guam"]
[BlackTeam "Hong Kong"]
[WhiteTeamCountry "GMA"]
[BlackTeamCountry "HKG"]

1. Nf3 d5 2. b3 Nf6 3. Bb2 Bf5 4. e3 e6 5. h3 h6 6. d3 Bd6 7. Nbd2 0-0 8. g4 Bg6 9. g5 hxg5 10. Nxg5 Nbd7 11. Rg1 e5 12. Qf3 c5 13. Qg2 Qa5 14. f3 b5 15. h4 c4 16. c3 d4 17. b4 Bxb4 18. cxb4 Qxb4 19. Bc1 dxe3 20. Nge4 Nxe4 21. fxe4 Nf6 22. Be2 cxd3 23. Bf3 Nxe4 24. Bxe4 exd2+ 25. Bxd2 Qxe4+ 26. Qxe4 Bxe4 27. Bh6 Bg6 28. Bd2 Kh7 29. Bc3 Rac8 30. Kd2 f6 31. Rab1 a6 32. Rb4 Rc4 33. Rxc4 bxc4 34. Rb1 Re8 35. Rb6 f5 36. Rxa6 e4 37. Ra7 e3+ 38. Ke1 d2+ 39. Bxd2 exd2+ 40. Kxd2 f4 41. Ra3 Bd3 42. Ra7 Kg6 43. h5+ Kf6 44. Ra6+ Re6 45. Ra8 Kg5 46. Ra5+ Kg4 47. Ra7 Re2+ 48. Kd1 f3 49. Rxg7+ Kxh5 50. Rg1 f2 51. Rh1+ Kg5 0-1

[Event "Olympiad-42"]
[Site "Baku"]
[Date "2016.09.04"]
[Round "3.3"]
[White "Maccapani, Massimiliano"]
[Black "Soriano, Rudolph P"]
[Result "1/2-1/2"]
[WhiteElo "1971"]
[BlackElo "1787"]
[PlyCount "136"]
[EventDate "2016.09.02"]
[EventType "team-swiss"]
[EventRounds "11"]
[EventCountry "AZE"]
[SourceTitle "CBM 175"]
[Source "ChessBase"]
[SourceDate "2016.11.10"]
[SourceVersion "1"]
[SourceVersionDate "2016.11.10"]
[SourceQuality "1"]
[WhiteTeam "San Marino"]
[BlackTeam "Guam"]
[WhiteTeamCountry "SMR"]
[BlackTeamCountry "GMA"]

1. d4 d5 2. Nf3 Nf6 3. c4 c6 4. e3 g6 5. Nc3 Bg7 6. Bd3 0-0 7. Qc2 dxc4 8. Bxc4 Bf5 9. Bd3 Bxd3 10. Qxd3 Na6 11. 0-0 Nb4 12. Qe2 e6 13. a3 Na6 14. Rd1 Qa5 15. Ne5 Rad8 16. Bd2 Qc7 17. Rac1 Qd6 18. Nc4 Qe7 19. b4 Nc7 20. a4 a6 21. Nb6 Ncd5 22. Nbxd5 exd5 23. b5 axb5 24. axb5 Rfe8 25. bxc6 bxc6 26. Na4 Rc8 27. Nc5 h5 28. h3 Nh7 29. Qa6 Nf8 30. Nd3 Qd7 31. Rc2 Rc7 32. Rdc1 Rec8 33. Nb4 Ra7 34. Qd3 Rac7 35. Qb3 Ne6 36. Na6 Ra7 37. Nc5 Nxc5 38. Rxc5 Bf8 39. Ra5 Rb7 40. Qa4 Bd6 41. Ra6 Kg7 42. Be1 Rbc7 43. Ra8 Rxa8 44. Qxa8 Rc8 45. Qa4 Qb7 46. Qa2 Bb8 47. Qc2 Qc7 48. g3 Qd7 49. Kg2 Qe6 50. Qe2 Bd6 51. Qf3 Be7 52. Rb1 Bf6 53. Rd1 Rb8 54. h4 Rb3 55. Qf4 Rb7 56. Qf3 Rb2 57. Bd2 Rc2 58. Bb4 Rb2 59. Bc5 Rb7 60. Ra1 Rd7 61. Ra8 Bd8 62. Qf4 f6 63. Ra7 Rxa7 64. Bxa7 Qd7 65. Bc5 Bc7 66. Qf3 Qe6 67. Bb4 Kf7 68. Bc5 Bd6 1/2-1/2

[Event "Olympiad-42"]
[Site "Baku"]
[Date "2016.09.03"]
[Round "2.3"]
[White "Soriano, Rudolph P"]
[Black "Ermeni, Avni"]
[Result "0-1"]
[WhiteElo "1787"]
[BlackElo "2270"]
[PlyCount "130"]
[EventDate "2016.09.02"]
[EventType "team-swiss"]
[EventRounds "11"]
[EventCountry "AZE"]
[SourceTitle "CBM 175"]
[Source "ChessBase"]
[SourceDate "2016.11.10"]
[SourceVersion "1"]
[SourceVersionDate "2016.11.10"]
[SourceQuality "1"]
[WhiteTeam "Guam"]
[BlackTeam "Kosovo"]
[WhiteTeamCountry "GMA"]
[BlackTeamCountry "KOS"]

1. Nf3 Nf6 2. g3 b5 3. Bg2 Bb7 4. 0-0 e6 5. b3 d6 6. d3 Be7 7. Bb2 0-0 8. e4 Nbd7 9. Nc3 a6 10. Nh4 Ne8 11. Qg4 Ne5 12. Qe2 Bxh4 13. gxh4 Qxh4 14. f4 Ng6 15. Qe3 Nf6 16. h3 Qh6 17. Rae1 e5 18. fxe5 Qxe3+ 19. Rxe3 dxe5 20. Ne2 Nd7 21. Ng3 Rfe8 22. Nf5 f6 23. Kh2 Ndf8 24. Rg3 Ne6 25. h4 Ngf4 26. Bf3 g6 27. Rfg1 Kf7 28. Nh6+ Ke7 29. Ng4 c5 30. Bd1 Rad8 31. Ne3 Nd4 32. Bxd4 cxd4 33. Nf5+ Kd7 34. Nh6 Kc7 35. Rf1 Rd6 36. Nf7 Rc6 37. Rf2 Bc8 38. Nh6 Bd7 39. Ng4 Bxg4 40. Rxg4 Kd6 41. a3 a5 42. Rg1 Rc3 43. Bg4 Re7 44. Rb1 Rec7 45. Bd1 h5 46. Ra1 a4 47. b4 f5 48. exf5 gxf5 49. Ra2 Ke6 50. Bf3 Rf7 51. Ra1 Nd5 52. Bxh5 Rh7 53. Be8 Rxh4+ 54. Kg1 Nc7 55. Bf7+ Kxf7 56. Rxf5+ Ke6 57. Rf2 Nd5 58. Ra2 Nf4 59. Rd2 Rc7 60. Rh2 Rg7+ 61. Kh1 Rxh2+ 62. Kxh2 Rg2+ 63. Kh1 Kd5 64. c4+ dxc3 65. Ra1 Kd4 0-1

[Event "Tumon Guam op"]
[Site "Tumon"]
[Date "2015.07.20"]
[Round "6"]
[White "Orio, Rogelio L"]
[Black "Soriano, Rudolph P"]
[Result "1-0"]
[WhiteElo "1770"]
[BlackElo "1807"]
[PlyCount "127"]
[EventDate "2015.07.18"]
[EventType "swiss"]
[EventRounds "9"]
[EventCountry "GMA"]
[SourceTitle "EXT 2016"]
[Source "ChessBase"]
[SourceDate "2015.10.08"]
[SourceVersion "1"]
[SourceVersionDate "2015.10.08"]
[SourceQuality "1"]

1. e4 Nc6 2. c4 e5 3. Nc3 g6 4. d3 Bg7 5. Nf3 Nge7 6. Bg5 0-0 7. Qd2 f6 8. Bh6 d6 9. a3 Bg4 10. Bxg7 Kxg7 11. Be2 Bxf3 12. Bxf3 Nd4 13. Bd1 c6 14. 0-0 f5 15. f4 Qb6 16. Kh1 Rf6 17. b4 Raf8 18. c5 Qc7 19. g3 dxc5 20. bxc5 exf4 21. gxf4 Kg8 22. e5 R6f7 23. Rb1 Rd8 24. Rb4 Ne6 25. Bb3 Nd5 26. Nxd5 cxd5 27. d4 Qc6 28. Ba4 Qa6 29. Rfb1 Rc8 30. Bb3 Rd7 31. a4 Qa5 32. Ba2 Kh8 33. Qe3 Qa6 34. Qf3 Qc6 35. a5 Rcd8 36. Bb3 Qa6 37. Ba4 Rc7 38. Bb3 Rcd7 39. Ba4 Re7 40. Qe3 Qxa5 41. Bb5 Qc7 42. Bd3 Qc6 43. Qg3 Rf7 44. Ra1 b6 45. Bb5 Qc7 46. c6 a5 47. Rba4 Qe7 48. Ba6 g5 49. Qb3 Rb8 50. fxg5 Nxg5 51. Qxd5 Ne4 52. R4a2 Rg8 53. Bd3 Nc3 54. Qd6 Nxa2 55. Qxe7 Rxe7 56. Rxa2 f4 57. Bc4 Rd8 58. Rg2 f3 59. Rg4 Rxe5 60. dxe5 h5 61. Rg8+ Rxg8 62. Bxg8 Kxg8 63. c7 f2 64. c8Q+ 1-0

[Event "Olympiad-41"]
[Site "Tromsoe"]
[Date "2014.08.12"]
[Round "10.2"]
[White "Soriano, Rudolph P"]
[Black "Maduro, Sherman"]
[Result "0-1"]
[WhiteElo "1802"]
[BlackElo "1993"]
[PlyCount "136"]
[EventDate "2014.08.02"]
[EventType "team-swiss"]
[EventRounds "11"]
[EventCountry "NOR"]
[SourceTitle "CBM 162"]
[Source "ChessBase"]
[SourceDate "2014.09.17"]
[SourceVersion "1"]
[SourceVersionDate "2014.09.17"]
[SourceQuality "1"]
[WhiteTeam "Guam"]
[BlackTeam "Netherlands Antilles"]
[WhiteTeamCountry "GMA"]
[BlackTeamCountry "AHO"]

1. Nf3 Nf6 2. b3 g6 3. Bb2 Bg7 4. g3 c5 5. Bg2 Nc6 6. 0-0 d5 7. d4 Ne4 8. c3 0-0 9. Nbd2 f5 10. e3 b6 11. Re1 e6 12. Rc1 b5 13. dxc5 Nxc5 14. Bf1 Qb6 15. Nd4 a6 16. N2f3 Ne7 17. Ba3 e5 18. Nc2 Bb7 19. Ng5 Rf6 20. Bg2 h6 21. Nf3 Rd6 22. h4 Rd7 23. Bh3 Rad8 24. Qe2 e4 25. Nfd4 Nd3 26. Red1 Nxc1 27. Rxc1 h5 28. Qd2 Be5 29. Ne2 Qa5 30. Bxe7 Rxe7 31. Ncd4 Kf7 32. b4 Qb6 33. Nb3 Bd6 34. Ned4 Qc7 35. Qd1 Rg8 36. Bxf5 Bxg3 37. Bh3 Bxh4 38. Nc5 Bc8 39. Bg2 Re5 40. f4 Re7 41. Ndb3 Rd8 42. Qe2 Qd6 43. Rf1 Bg4 44. Qd2 Kg7 45. Na5 Bc8 46. Bh1 Bg3 47. Qd4+ Kh7 48. Bg2 Rf7 49. Rd1 Bg4 50. Rd2 Qe7 51. Nxe4 Qh4 52. Ng5+ Kg8 53. Bxd5 Bh2+ 54. Kf1 Bh3+ 55. Nxh3 Qxh3+ 56. Ke1 Rxd5 57. Qxd5 Qxe3+ 58. Kd1 Bxf4 59. Rd3 Qg1+ 60. Ke2 Qg4+ 61. Rf3 Qg2+ 62. Kd1 g5 63. Qd8+ Kh7 64. Qd3+ Kh6 65. Nb3 Qg1+ 66. Kc2 Rf6 67. Nd4 Qg2+ 68. Kb3 Qg4 0-1

[Event "Olympiad-41"]
[Site "Tromsoe"]
[Date "2014.08.10"]
[Round "8.2"]
[White "Khetho, Phemelo"]
[Black "Soriano, Rudolph P"]
[Result "1-0"]
[WhiteElo "2195"]
[BlackElo "1802"]
[PlyCount "81"]
[EventDate "2014.08.02"]
[EventType "team-swiss"]
[EventRounds "11"]
[EventCountry "NOR"]
[SourceTitle "CBM 162"]
[Source "ChessBase"]
[SourceDate "2014.09.17"]
[SourceVersion "1"]
[SourceVersionDate "2014.09.17"]
[SourceQuality "1"]
[WhiteTeam "Botswana"]
[BlackTeam "Guam"]
[WhiteTeamCountry "BOT"]
[BlackTeamCountry "GMA"]

1. e4 c6 2. c4 d5 3. exd5 cxd5 4. d4 e6 5. Nc3 Nf6 6. Nf3 Be7 7. Bd3 0-0 8. 0-0 Nbd7 9. cxd5 exd5 10. Re1 Re8 11. Bf4 Nf8 12. h3 Ng6 13. Bh2 a6 14. Rc1 Bd7 15. Ne5 Bd6 16. Qb3 Bc6 17. Re2 Bxe5 18. dxe5 Ne4 19. Nxe4 dxe4 20. Bxe4 Bb5 21. Ree1 Qg5 22. Rc7 Re6 23. Bd5 Bc6 24. Rxc6 Rxc6 25. Bxc6 bxc6 26. e6 Qd5 27. e7 Re8 28. Qxd5 cxd5 29. Bd6 f6 30. f4 Kf7 31. Kf2 Nxe7 32. Rxe7+ Rxe7 33. Bxe7 Kxe7 34. Ke3 Kd6 35. Kd4 Kc6 36. f5 h5 37. g3 Kd6 38. b4 Kc6 39. a4 Kd6 40. b5 a5 41. h4 1-0

[Event "Olympiad-41"]
[Site "Tromsoe"]
[Date "2014.08.06"]
[Round "5.2"]
[White "Soriano, Rudolph P"]
[Black "Agopov, Mikael"]
[Result "0-1"]
[WhiteElo "1802"]
[BlackElo "2431"]
[PlyCount "80"]
[EventDate "2014.08.02"]
[EventType "team-swiss"]
[EventRounds "11"]
[EventCountry "NOR"]
[SourceTitle "CBM 162"]
[Source "ChessBase"]
[SourceDate "2014.09.17"]
[SourceVersion "1"]
[SourceVersionDate "2014.09.17"]
[SourceQuality "1"]
[WhiteTeam "Guam"]
[BlackTeam "Finland"]
[WhiteTeamCountry "GMA"]
[BlackTeamCountry "FIN"]

1. Nf3 Nf6 2. c4 c5 3. d4 cxd4 4. Nxd4 e6 5. Nc3 Nc6 6. g3 Qb6 7. Nb3 Ne5 8. e4 Bb4 9. Qe2 d6 10. Be3 Bxc3+ 11. bxc3 Qc7 12. f3 b6 13. Rc1 Ba6 14. Nd2 Rc8 15. Qg2 Nxc4 16. Nxc4 Bxc4 17. Qd2 0-0 18. Kf2 d5 19. e5 Qxe5 20. Bf4 Qf5 21. g4 Qg6 22. h4 h5 23. g5 Nd7 24. Bd6 Rfd8 25. Be7 Re8 26. Ba3 Bxf1 27. Rhxf1 Ne5 28. Rcd1 Qf5 29. Kg2 Rc4 30. Kg3 Rxh4 31. Kxh4 Nxf3+ 32. Kg3 Qg4+ 33. Kf2 Nxd2 34. Rxd2 Rc8 35. Rd3 Qc4 36. Ke3 Qxa2 37. Bc1 Rc4 38. Rf2 Qb1 39. Bd2 Re4+ 40. Kf3 Qxd3+ 0-1